[Event "Challenge"]
[Site "http://www.queenalice.com/game.php?id=341539"]
[Date "2008.1.23"]
[Round "-"]
[White "MARAISA"]
[Black "Ponce"]
[Result "0-1"]
[WhiteElo "1746"]
[BlackElo "1590"]

1. c4 e5 2. e3 Bc5 3. Ne2 c6 4. d4 Bd6 5. c5 Bc7 6. g3 Qe7 7. Bg2 Nf6 8. O-O O-O
9. Nbc3 d6 10. cxd6 Bxd6 11. dxe5 Bxe5 12. Nd4 Bxd4 13. exd4 Bg4 14. Bf3 Bxf3
15. Qxf3 Nbd7 16. Bg5 h6 17. Rae1 Qb4 18. Bxf6 Nxf6 19. Ne4 Rae8 20. Nxf6+ gxf6
21. Rxe8 Rxe8 22. Qxf6 Qxb2 23. Qxh6 Qxd4 24. Qg5+ Qg7 25. Qa5 a6 26. Qc7 Qb2
27. Qd7 Kf8 28. Qd6+ Kg7 29. Qd7 Rg8 30. Qg4+ Kf8 31. Qc4 Qe5 32. Rd1 Rg6 33.
Rd8+ Kg7 34. Rd7 Rf6 35. Qg4+ Rg6 36. Qb4 Qa1+ 37. Kg2 b5 38. Qb3 Rf6 39. f4 b4
40. Rd1 Qc3 41. Qxc3 bxc3 42. Rc1 Rd6 43. Rxc3 Rd2+ 44. Kh3 Rxa2 45. Rxc6 a5 46.
Ra6 a4 47. Kg4 Rxh2 48. Rxa4 Rh8 49. Ra5 Kg6 50. Rg5+ Kf6 51. Ra5 Rg8+ 52. Kf3
Rb8 53. Re5 Rb3+ 54. Kg4 Rb8 55. Rg5 Re8 56. f5 Re4+ 57. Kh5 Re1 58. Kg4 Re4+
0-1

[Event "AUTO-OPEN-1008"]
[Site "http://www.queenalice.com/game.php?id=351283"]
[Date "2008.2.9"]
[Round "1"]
[White "policial_chess"]
[Black "MARAISA"]
[Result "1-0"]
[WhiteElo "1789"]
[BlackElo "1775"]

1. d4 c5 2. d5 d6 3. c4 Nf6 4. Nc3 g6 5. e4 Bg7 6. Bd3 O-O 7. Nf3 e6 8. Bg5 h6
9. Bh4 Nbd7 10. O-O Qb6 11. Rb1 Ne5 12. Nxe5 dxe5 13. Bxf6 Bxf6 14. f4 exf4 15.
Rxf4 Bd4+ 16. Kh1 e5 17. Rh4 Kg7 18. Qd2 Rh8 19. g4 g5 20. Rh5 Bxg4 21. Rxg5+
hxg5 22. Qxg5+ Qg6 23. Qxg6+ 1-0

[Event "AUTO-OPEN-1008"]
[Site "http://www.queenalice.com/game.php?id=351284"]
[Date "2008.2.9"]
[Round "1"]
[White "MARAISA"]
[Black "policial_chess"]
[Result "0-1"]
[WhiteElo "1760"]
[BlackElo "1810"]

1. c4 c5 2. e3 e6 3. Nc3 Nf6 4. g3 Be7 5. Bg2 O-O 6. Nge2 a6 7. O-O Nc6 8. d4
cxd4 9. Nxd4 Ne5 10. b3 Ng6 11. Qc2 d5 12. cxd5 exd5 13. Bb2 Be6 14. Nxe6 fxe6
15. Rad1 Rc8 16. Qb1 b5 17. Ne2 Qd7 18. Nc3 Rc7 19. Ne2 Rfc8 20. e4 Qe8 21. exd5
exd5 22. Bxd5+ Nxd5 23. Rxd5 Qc6 0-1

[Event "AUTO-OPEN-1008"]
[Site "http://www.queenalice.com/game.php?id=351317"]
[Date "2008.2.9"]
[Round "1"]
[White "anax"]
[Black "MARAISA"]
[Result "0-1"]
[WhiteElo "1762"]
[BlackElo "1822"]

1. d4 d5 2. e3 Nf6 3. Nc3 g6 4. Nf3 Bg7 5. Bd3 O-O 6. Qe2 a5 7. a3 Bg4 8. h3
Bxf3 9. Qxf3 c6 10. Bd2 Nbd7 11. O-O-O b5 12. Be1 b4 13. axb4 axb4 14. Nb1 b3
15. c3 Qa5 16. Kd2 c5 17. dxc5 Nxc5 18. Ke2 Qa2 19. Rd2 Nxd3 20. Rxd3 Qxb1 21.
Rd2 Ne4 22. Rxd5 Qxb2+ 23. Kf1 Nxc3 24. g4 Nxd5 25. Kg2 Nc3 26. Qb7 Qc2 27. Bxc3
Qxc3 28. Rb1 Ra2 0-1

[Event "AUTO-OPEN-1008"]
[Site "http://www.queenalice.com/game.php?id=351318"]
[Date "2008.2.9"]
[Round "1"]
[White "MARAISA"]
[Black "anax"]
[Result "1-0"]
[WhiteElo "1838"]
[BlackElo "1744"]

1. c4 c6 2. d4 d5 3. cxd5 cxd5 4. Nc3 e6 5. e3 Nc6 6. Nf3 h6 7. Bd3 a6 8. O-O
Nf6 9. a3 Bd6 10. b4 b5 11. Qc2 Bb7 12. Bb2 Qc7 13. g3 g5 14. Rfc1 Rg8 15. Qe2
h5 16. e4 dxe4 17. Bxe4 g4 18. Bxc6+ Bxc6 19. d5 Bb7 20. Ne4 Qb8 21. Nxf6+ Kf8
22. Nd7+ Ke7 23. Nxb8 Bxd5 24. Nc6+ Kd7 25. Nce5+ Ke7 26. Nh4 Rg5 27. Qe3 Rgg8
28. Nc6+ Kd7 29. Be5 Bf8 30. Qb6 Bd6 31. Qb7+ 1-0

[Event "ERYCA"]
[Site "http://www.queenalice.com/game.php?id=355251"]
[Date "2008.2.16"]
[Round "2"]
[White "romerov"]
[Black "MARAISA"]
[Result "1-0"]
[WhiteElo "1901"]
[BlackElo "1835"]

1. d4 d5 2. c4 c6 3. g3 Nf6 4. Bg2 e6 5. Nf3 Be7 6. O-O O-O 7. Nc3 dxc4 8. Ne5
Nbd7 9. Nxc4 b5 10. Nd2 Bb7 11. Nxb5 a6 12. Nc3 Rb8 13. e4 Nb6 14. Nb3 Qc7 15.
Bf4 Qd7 16. Bxb8 Rxb8 17. Nc5 Bxc5 18. dxc5 Qxd1 19. Raxd1 h6 20. cxb6 c5 21. a4
Kh7 22. Rd2 Bc6 23. a5 Kg6 24. f3 Nd7 25. Rd6 Rc8 26. Rfd1 1-0

[Event "Ikki_de_Fenix"]
[Site "http://www.queenalice.com/game.php?id=358137"]
[Date "2008.2.20"]
[Round "1"]
[White "lucianovdemelo"]
[Black "MARAISA"]
[Result "1-0"]
[WhiteElo "1424"]
[BlackElo "1835"]

1. d4 d5 2. c4 c6 3. Nc3 Nf6 4. Nf3 e6 5. Bg5 Be7 6. e3 O-O 7. Bd3 h6 8. Bh4
dxc4 9. Bxc4 Nd5 10. Bxe7 Qxe7 11. O-O b5 12. Bxd5 cxd5 13. Nxb5 Ba6 14. a4 Nc6
15. Qb3 Rab8 16. Ne5 Nxe5 17. dxe5 Bc8 18. Qd3 Bd7 19. Nc7 Rb7 20. Nb5 a6 21.
Nd6 Rxb2 22. f4 Rfb8 23. Qxa6 1-0

[Event "MARAISA"]
[Site "http://www.queenalice.com/game.php?id=367276"]
[Date "2008.3.7"]
[Round "2"]
[White "MARAISA"]
[Black "dechian"]
[Result "0-1"]
[WhiteElo "1805"]
[BlackElo "1432"]

1. e4 e5 2. Nf3 Nf6 3. Nc3 Nc6 4. Bb5 Nd4 5. Ba4 Qe7 6. O-O g6 7. Nxd4 exd4 8.
Nd5 Nxd5 9. exd5 Qf6 10. d3 Be7 11. Bh6 g5 12. Qh5 Rg8 13. f4 g4 14. Rae1 c6 15.
dxc6 dxc6 16. Bg5 Rxg5 17. fxg5 Qg7 18. Bb3 Kd8 19. Rxf7 Qxg5 20. Qxh7 Qh4 0-1

[Event "Challenge"]
[Site "http://www.queenalice.com/game.php?id=368208"]
[Date "2008.3.9"]
[Round "-"]
[White "Ponce"]
[Black "MARAISA"]
[Result "1-0"]
[WhiteElo "1612"]
[BlackElo "1724"]

1. d4 Nf6 2. Nc3 e6 3. Nf3 Bb4 4. Qd3 O-O 5. e4 Bxc3+ 6. bxc3 d6 7. Be3 Nc6 8.
Be2 h6 9. O-O b6 10. e5 dxe5 11. dxe5 Qxd3 12. cxd3 Nd5 13. Rfc1 Nxe3 14. fxe3
Bb7 15. d4 Ne7 16. Nd2 Nd5 17. Bf3 Rab8 18. Nc4 b5 19. Bxd5 Bxd5 20. Nd2 f6 21.
e4 Ba8 22. c4 fxe5 23. cxb5 exd4 24. Rxc7 Rxb5 25. Rxa7 1-0

[Event "Challenge"]
[Site "http://www.queenalice.com/game.php?id=368209"]
[Date "2008.3.9"]
[Round "-"]
[White "MARAISA"]
[Black "Ponce"]
[Result "0-1"]
[WhiteElo "1704"]
[BlackElo "1628"]

1. d4 d5 2. c4 Nf6 3. Nc3 e6 4. cxd5 Nxd5 5. e4 Nxc3 6. bxc3 Qh4 7. Bd3 Qf6 8.
e5 Qe7 9. Nf3 h6 10. O-O Nd7 11. a4 Nb6 12. Ba3 Qd8 13. Bxf8 Rxf8 14. Nd2 Nd5
15. Ne4 b6 16. a5 Bb7 17. axb6 Nxb6 18. Qg4 Bxe4 19. Bxe4 Qg5 20. Qxg5 hxg5 21.
Bxa8 Nxa8 22. Rxa7 Kd7 23. Rb1 Nb6 24. Rxb6 Rc8 0-1